The Hype - Twenty One Pilots Lyrics - Statistics

General Stats
  • This quiz has been taken 5 times
  • The average score is 284 of 293
Answer Stats
Lyrics % Correct
a
100%
a
100%
a
100%
a
100%
a
100%
a
100%
And
100%
and
100%
And
100%
And
100%
And
100%
And
100%
around
100%
around
100%
around
100%
around
100%
around
100%
be
100%
be
100%
be
100%
be
100%
be
100%
be
100%
be
100%
be
100%
be
100%
be
100%
be
100%
believe
100%
believe
100%
believe
100%
believe
100%
believe
100%
believe
100%
believe
100%
believe
100%
believe
100%
believe
100%
believe
100%
burnt
100%
But
100%
But
100%
But
100%
But
100%
But
100%
But
100%
But
100%
But
100%
But
100%
But
100%
But
100%
can
100%
can
100%
can
100%
can
100%
can
100%
can
100%
cold,
100%
don't
100%
don't
100%
don't
100%
don't
100%
don't
100%
don't
100%
don't
100%
don't
100%
don't
100%
don't
100%
don't
100%
(Don't
100%
don't
100%
don't
100%
don't
100%
don't
100%
even
100%
exterior
100%
feel
100%
fine
100%
fine
100%
fine
100%
fine
100%
fine
100%
get
100%
getting
100%
going
100%
going
100%
going
100%
going
100%
hear
100%
hear
100%
hear
100%
hear
100%
hear
100%
hype
100%
hype
100%
hype
100%
hype
100%
hype
100%
hype
100%
hype)
100%
hype
100%
hype
100%
hype
100%
hype
100%
I
100%
I
100%
I
100%
I
100%
I
100%
I
100%
I
100%
I
100%
I
100%
I
100%
I
100%
I
100%
I
100%
I
100%
I
100%
I'm
100%
I'm
100%
I'm
100%
I'm
100%
instead
100%
interior
100%
It
100%
just
100%
Just
100%
just
100%
Just
100%
just
100%
Just
100%
just
100%
Just
100%
just
100%
Just
100%
kind
100%
kind
100%
kind
100%
kind
100%
kind
100%
know
100%
know
100%
know
100%
know
100%
know
100%
know
100%
know
100%
know
100%
know
100%
know
100%
know
100%
know
100%
know
100%
know
100%
might
100%
might
100%
My
100%
my
100%
my
100%
my
100%
my
100%
my
100%
my
100%
my
100%
my
100%
my
100%
my
100%
my
100%
my
100%
my
100%
my
100%
my
100%
needs
100%
Chorus Nice
100%
Chorus Nice
100%
Chorus Nice
100%
Chorus Nice
100%
Chorus Nice
100%
Bridge No,
100%
No,
100%
No,
100%
No,
100%
off
100%
on
100%
on
100%
on
100%
on
100%
on
100%
paralyzed
100%
sanitize
100%
shirt
100%
side
100%
side
100%
side
100%
side
100%
side
100%
sight
100%
sight
100%
sight
100%
sight
100%
sight
100%
skin
100%
some
100%
Verse 1 Sometimes
100%
step
100%
take
100%
terrible
100%
terrible
100%
terrible
100%
terrible
100%
terrible
100%
the
100%
the
100%
the
100%
the
100%
the
100%
the
100%
the
100%
the
100%
the
100%
the
100%
the
100%
to
100%
to
100%
to
100%
to
100%
to
100%
to
100%
warmer
100%
way
100%
way
100%
way
100%
way
100%
way
100%
way
100%
way
100%
way
100%
way
100%
which
100%
which
100%
which
100%
which
100%
will
100%
will
100%
will
100%
will
100%
will
100%
without
100%
world
100%
world
100%
you
100%
you
100%
you
100%
you
100%
you
100%
you
100%
you'll
100%
you'll
100%
you'll
100%
you'll
100%
you'll
100%
your
100%
Your
100%
you're
100%
you're
100%
you're
100%
you're
100%
you're
100%
basement
67%
behind
67%
friends
67%
got
67%
head
67%
I'll
67%
I'll
67%
I've
67%
my
67%
my
67%
or
67%
record
67%
step
67%
step
67%
talking
67%
tapes
67%
they
67%
thick
67%
through
67%
through
67%
to
67%
Verse 2 Yeah,
67%
dissipate
33%
for
33%
No matching quizzes found
Score Distribution
Percent of People with Each Score
Percentile by Number Answered
Your Score History
You have not taken this quiz